Determinants of inflation in the Islamic Republic of Iran <a> macroeconomic analysis

Na minha lista:
Detalhes bibliográficos
Autor principal: Liu, Olin
Outros Autores: Adedeji, Olumuyiwa S.
Formato: Livro
Idioma:inglês
Publicado em: Washington International Monetary Fund 2000
Colecção:IMF Working Paper WP/00/127
Assuntos:
Tags: Adicionar Tag
Sem tags, seja o primeiro a adicionar uma tag!

MARC

LEADER 00000nam a2200000 4500
001 c124374
005 20221221082016.3
041 0 |a eng 
044 |a US 
245 1 0 |a Determinants of inflation in the Islamic Republic of Iran  |b <a> macroeconomic analysis  |c Olin Liu and Olumuyiwa S. Adedeji 
264 1 |a Washington  |b International Monetary Fund  |c 2000 
300 |a 28 s. 
490 1 |a IMF Working Paper  |v WP/00/127 
830 0 |a IMF Working Paper  |v WP/00/127 
610 2 0 |a inflácia 
610 2 0 |a analýzy 
610 2 0 |a makroekonomika 
610 2 0 |a Irán 
610 2 0 |a kurz devízový 
100 1 |a Liu, Olin 
700 1 |a Adedeji, Olumuyiwa S.